Statistics for random words begin with b

Click here to take the quiz!

General Stats

  • This quiz has been taken 9 times
  • The average score is 4 of 15

Answer Stats

word% Correct
13.be
100%
9.ban
44%
4.brown
44%
14.big
33%
5.banana
22%
12.because
22%
3.break
22%
15.brick
22%
8.bring
22%
11.bun
22%
1.baby
11%
6.beans
11%
2.birth
11%
7.bison
11%
10.burrito
11%

Score Distribution

Percentile by Number Answered

Percent of People with Each Score

Your Score History

You have not taken this quiz